Microwave Engineering (Record no. 340235)

MARC details
000 -LEADER
fixed length control field 00454nam a2200181Ia 4500
008 - FIXED-LENGTH DATA ELEMENTS--GENERAL INFORMATION
fixed length control field 230718s9999 xx 000 0 und d
020 ## - INTERNATIONAL STANDARD BOOK NUMBER
International Standard Book Number 9788126541904
041 ## - LANGUAGE CODE
Language code of text/sound track or separate title eng
082 ## - DEWEY DECIMAL CLASSIFICATION NUMBER
Classification number 621.3813
Item number POZ
100 ## - MAIN ENTRY--PERSONAL NAME
Personal name Pozar D.M.
245 ## - TITLE STATEMENT
Title Microwave Engineering
250 ## - EDITION STATEMENT
Edition statement 4th ed.
260 ## - PUBLICATION, DISTRIBUTION, ETC. (IMPRINT)
Date of publication, distribution, etc. 2014
Name of publisher, distributor, etc. Wiley
300 ## - PHYSICAL DESCRIPTION
Extent 732
365 ## - TRADE PRICE
Currency code Rs.
Price amount 619.00
700 ## - ADDED ENTRY--PERSONAL NAME
Personal name Pozar D.M.
906 ## - LOCAL DATA ELEMENT F, LDF (RLIN)
d O:0462601-Sep-2015B:SE/SI/200006-Jul-2015
c ETC
b 346.64
Holdings
Withdrawn status Lost status Damaged status Not for loan Home library Current library Date acquired Vendor Budget Code Cost, normal purchase price Bill number Total Checkouts Full call number Barcode Date last seen Discount Cost, replacement price Bill Date Koha item type Original Barcode
        Cummins College of Engineering for Women Pune Cummins College of Engineering for Women Pune 01/09/2015 Suyog Enterprises ETC 445.68 SE/SI/2000   621.3813 CCEP-BK-51442 18/07/2023 346.64 619.00 06/07/2015 Books 051442